000 01729cam a22004334i 4500
003 PE-LiUPU
005 20250731173128.0
008 150623s r 000 0 d
035 _a(Sirsi) a26195
040 _aPE-LiUPU
_bspa
_cPE-LiUPU
_erda
082 0 4 _a220.6
_bA5
_221
100 1 _aAndreasen, Niels-Erik A.,
_eautor.
245 1 0 _aRest and redemption.
_n11 /
_cNiels-Erik A. Andreasen.
264 1 _aBerrien Springs, Michigan :
_bAndrews University Press,
_c1978.
300 _a137 páginas ;
_c23 cm.
336 _atext
_2rdacontent
337 _aunmediated
_2rdamedia
338 _avolume
_2rdacarrier
490 0 _aAndrews University Monographs. Studies in Religión ;
_v11
504 _aIncluye bibliografía.
505 0 _aMan, time, and the sabbath. -The origin of the sabbath. -The sabbath institution in ancient israel. -The sabbath, work and rest. -The sabbath and freedom. -The sabbath worship. -The creation sabbath. -The sabbath: a sign of the covenant. -The sabbath and the gospel. -The sabbath and redemption.
526 _aSEG42
526 _aSEG41
526 _aSEG40
526 _aSEG39
526 _aP94
526 _aP87
526 _aP86
526 _aP85
526 _aP77
526 _aP76
526 _aP35
650 0 4 _aSábado bíblico
_xEstudio.
942 _2ddc
_cBOOK
949 _a220.6 A5 11
_wDEWEY
_c1
_i51477
_lCCODEBUL1
_mBUL
_p5.00
_r0
_sY
_tBOOK
_u2015-06-24
_xTEOLOGIA
_PP35
_0COMPRA
_o.STAFF. Colección General
596 _a1
999 _a220.6 A5 11
_wDEWEY
_c33199
_i51477
_f2021-11-9
_g5
_lCCODEBUL1
_mBUL
_p5.00
_r0
_sY
_tBOOK
_u2015-6-24
_xTEOLOGIA
_PP35
_0COMPRA
_o.STAFF. Colección General
_d33199
980 _81
_gALBERTO SANCHEZ Responsable de Automatización